000 00520nam a2200181Ia 4500
003 LDD
008 190117s9999 xx 000 0 und d
020 _c₹18
040 _cLDD
041 _ahi
082 _a8H3.7 य 6925 फू-6
100 _aयशपाल
245 0 _aफूलो का कुर्ता
_b कहानी संग्रह
_cयशपाल
250 _a6 सं.
260 _aइलाहाबाद
_bलोकभारती
_c1983
300 _a140प्र.
942 _2ddc
_cH
999 _c167570
_d167570